Globálna finančná kríza a jej vplyv na ekonomiku SR bakalárska práca
Uložené v:
| Hlavný autor: | |
|---|---|
| Korporativný autor: | |
| Ďalší autori: | |
| Médium: | Kniha |
| Jazyk: | Slovak |
| Vydavateľské údaje: |
Bratislava
2011
|
| Tagy: |
Žiadne tagy, Buďte prvý, kto otaguje tento záznam!
|
MARC
| LEADER | 00000nbm a2200000 4500 | ||
|---|---|---|---|
| 001 | 0139986 | ||
| 005 | 20161109111657.2 | ||
| 041 | 0 | |a slo | |
| 044 | |a SK | ||
| 245 | 1 | 0 | |a Globálna finančná kríza a jej vplyv na ekonomiku SR |b bakalárska práca |c Kristína Lapošová ; školiteľ: Dana Jurenková |
| 264 | 1 | |a Bratislava |c 2011 | |
| 300 | |a 54 s. | ||
| 100 | 1 | |a Lapošová, Kristína | |
| 700 | 1 | |a Jurenková, Dana | |
| 710 | 2 | |a Fakulta podnikového manažmentu EU. Katedra podnikových financií | |